The writer's handbook / (Record no. 26079)

MARC details
000 -LEADER
fixed length control field 01324cam a22003375i 4500
001 - CONTROL NUMBER
control field 1983036
003 - CONTROL NUMBER IDENTIFIER
control field EG-ScBUE
005 - DATE AND TIME OF LATEST TRANSACTION
control field 20200209105838.0
008 - FIXED-LENGTH DATA ELEMENTS--GENERAL INFORMATION
fixed length control field 890511r19951975ilua f f 000 0 eng d
020 ## - INTERNATIONAL STANDARD BOOK NUMBER
International Standard Book Number 0844253723
020 ## - INTERNATIONAL STANDARD BOOK NUMBER
International Standard Book Number 9780844253725
040 ## - CATALOGING SOURCE
Original cataloging agency DLC
Language of cataloging eng
Description conventions rda
Transcribing agency DLC
Modifying agency DLC
-- EG-ScBUE
082 04 - DEWEY DECIMAL CLASSIFICATION NUMBER
Classification number 808.042
Item number KAR
Edition number 22
100 1# - MAIN ENTRY--PERSONAL NAME
Personal name Karls, John B.,
Relator term author.
245 14 - TITLE STATEMENT
Title The writer's handbook /
Statement of responsibility, etc reviewer / consultants, John B. Karls, Ronald Szymanski.
250 ## - EDITION STATEMENT
Edition statement Second edition.
264 #1 - PUBLICATION, DISTRIBUTION, ETC. (IMPRINT)
Place of publication, distribution, etc Lincolnwood, Ill. :
Name of publisher, distributor, etc National Textbook Company / NTC Publishing Group,
Date of publication, distribution, etc 1995.
300 ## - PHYSICAL DESCRIPTION
Extent 255 pages :
Other physical details illustrations (some color) ;
Dimensions 23 cm
336 ## - CONTENT TYPE
Content type term text
Content type code txt
Source rdacontent
337 ## - MEDIA TYPE
Media type term unmediated
Media type code n
Source rdamedia
338 ## - CARRIER TYPE
Carrier type term volume
Carrier type code nc
Source rdacarrier
500 ## - GENERAL NOTE
General note First published by 1975.
520 ## - SUMMARY, ETC.
Summary, etc Designed to help writers develop their skills and understanding. Divided into three major sections to make finding solutions to writing problems easy.<br/>
650 #7 - SUBJECT ADDED ENTRY--TOPICAL TERM
Topical term or geographic name as entry element English language
General subdivision Rhetoric
-- Handbooks, manuals, etc.
Source of heading or term BUEsh
650 #7 - SUBJECT ADDED ENTRY--TOPICAL TERM
Topical term or geographic name as entry element English language
General subdivision Usage
-- Handbooks, manuals, etc.
Source of heading or term BUEsh
650 #7 - SUBJECT ADDED ENTRY--TOPICAL TERM
Topical term or geographic name as entry element Report writing
General subdivision Handbooks, manuals, etc.
Source of heading or term BUEsh
651 ## - SUBJECT ADDED ENTRY--GEOGRAPHIC NAME
Source of heading or term BUEsh
653 ## - INDEX TERM--UNCONTROLLED
Resource For college Generalities
-- Humanities: English
Arrived date list February2018
700 1# - ADDED ENTRY--PERSONAL NAME
Personal name Szymanski, Ronald,
Relator term author.
942 ## - ADDED ENTRY ELEMENTS (KOHA)
Source of classification or shelving scheme Dewey Decimal Classification
Koha item type Book - Borrowing
Holdings
Withdrawn status Lost status Source of classification or shelving scheme Damaged status Not for loan Collection code Home library Current library Shelving location Date acquired Source of acquisition Total Checkouts Full call number Barcode Date last seen Price effective from Koha item type
    Dewey Decimal Classification     Baccah Central Library Central Library Second Floor 04/02/2018 Purchase   808.042 KAR 000047222 15/07/2025 04/02/2018 Book - Borrowing